00838nam a2200265 a 4500001001300000003000900013005001700022008004100039020002300080082002000103100002200123245007200145260004900217300000900266500003500275505002000310650001700330650002200347650003000369700002200399902000800421942000700429952012100436999001500557nice12345678IN_TiNIC20260116012252.0050524s1989 pria grp 000 0 eng  a0691411 c10000a297.095695bANT aAntoun, Richard T aMuslim Preacher in the Modern Worldb Jordanian Cas Sdtudy In...... aPrincetonbPrinceton University Press c1989 a289p aincludes index and biblioraphy2 aAppendix, Index aIslam-Jordon aIslamic-Education aJordon-Religious Life and1 aAntoun, Richard T bSRS cBK 001040708StackRoom-aHMIbHMId2007-07-26g100.00l0o297.095695 ANTp014735r2007-07-26v100.00w2005-05-24yBK c6322d6322